Cyclisme : top 3 de chaque étape du Giro/Tour d’Italie 2023 - Statistiques

Statistiques générales
  • Ce quiz a été pris 303 fois
  • Le résultat moyen est 32 sur 63
Statistiques - réponses
Étapes Pos Coureur % Correct
Étape 20 1er Primoz Roglic
97%
3ème Primoz Roglic
97%
2ème Geraint Thomas
88%
2ème Geraint Thomas
88%
2ème Geraint Thomas
88%
2ème Thibaut Pinot
81%
2ème Thibaut Pinot
81%
Étape 1 1er Remco Evenepoel
80%
Étape 9 1er Remco Evenepoel
80%
Étape 16 1er Joao Almeida
71%
3ème Joao Almeida
71%
3ème Joao Almeida
71%
Étape 2 1er Jonathan Milan
68%
2ème Jonathan Milan
68%
2ème Jonathan Milan
68%
2ème Jonathan Milan
68%
2ème Jonathan Milan
68%
2ème Filippo Ganna
65%
Étape 21 1er Mark Cavendish
63%
3ème Mark Cavendish
63%
Étape 6 1er Mads Pedersen
62%
2ème Mads Pedersen
62%
3ème Mads Pedersen
62%
Étape 4 1er Aurélien Paret-Peintre
56%
Étape 13 1er Einer Rubio
55%
2ème Derek Gee
52%
2ème Derek Gee
52%
2ème Derek Gee
52%
2ème Derek Gee
52%
Étape 18 1er Filippo Zana
50%
3ème Filippo Zana
50%
Étape 5 1er Kaden Groves
48%
3ème Kaden Groves
48%
3ème Kaden Groves
48%
Étape 19 1er Santiago Buitrago
46%
2ème Andreas Leknessund
45%
Étape 8 1er Ben Healy
44%
2ème Ben Healy
44%
Étape 15 1er Brandon McNulty
44%
Étape 17 1er Alberto Dainese
43%
Étape 12 1er Nico Denz
42%
Étape 14 1er Nico Denz
42%
3ème Alexander Cepeda
41%
Étape 7 1er Davide Bais
41%
Étape 10 1er Magnus Cort Nielsen
41%
3ème Magnus Cort Nielsen
41%
Étape 3 1er Michael Matthews
40%
3ème Michael Matthews
40%
Étape 11 1er Pascal Ackermann
39%
3ème Pascal Ackermann
39%
3ème Tao Geoghegan Hart
36%
3ème Warren Barguil
31%
3ème Marco Frigo
22%
2ème David Dekker
21%
2ème Toms Skujins
20%
3ème Toms Skujins
20%
2ème Karel Vacek
19%
2ème Alex Kirsch
18%
3ème Filippo Fiorelli
18%
3ème Alberto Bettiol
15%
3ème Simone Petilli
15%
3ème Alessandro De Marchi
12%
3ème Sebastian Berwick
7%
Aucun quiz correspondant
Distribution des résultats
% des personnes avec chaque résultat
Percentile par nombre de réponses
Votre historique - résultats
Vous n’avez pas pris ce quiz